| 000 | 00590nam a2200229 a 4500 | ||
|---|---|---|---|
| 001 | BRL_656 | ||
| 005 | 20190320210834.0 | ||
| 008 | 230913s1971----nyu#######---#000-0#eng-# | ||
| 041 | _aeng | ||
| 044 | _anyu | ||
| 050 | 4 |
_aHN17.5 _b.T64 1971 |
|
| 100 | 1 |
_aToffler, Alvin _924542 |
|
| 245 | 1 | 0 |
_aFuture Shock _cby Alvin Toffler |
| 260 |
_aNew York _bBantam Books _c1971 |
||
| 300 |
_a561 p. _c18 cm. |
||
| 500 | _aAu761 | ||
| 650 | 1 | 4 |
_aHistoria social _y1945- _924543 |
| 650 | 1 | 4 |
_aCambio social _922757 |
| 650 | 1 | 4 |
_aCivilización moderna _y1950- _924544 |
| 902 | _aGRL | ||
| 942 |
_2lcc _cB |
||
| 999 |
_c9468 _d9468 |
||